LDR 00773naa#a2200169#i#450# 001 RU\\bibl\119045 005 20260414171948.2 011 ## _a2222-7962 100 ## _a20260330b2026####ek#y0rusy0150####ca 102 ## _aRU 200 1# _aSummary Comparative Studies on the Relationship Between Thickness and Height Structuсеres of Stands of Different Tree Species _eЖурнальная статья 210 1# _aВоронеж _cВоронежский государственный лесотехнический университет имени Г.Ф. Морозова _d2026 215 ## _a12 с. 608 ## _aЖурнальная статья _2local 675 ## _aЛесное хозяйство. 338.439.223 _z 700 #1 _aПетрин _gРумен Димитров 856 4# _aanni.editorum.ru _u